Puzzle - Mots Zaïque #3 - Statistiques

Statistiques générales
  • Ce quiz a été pris 806 fois
  • Le résultat moyen est 5 sur 16
Réponses sur la Carte
Les réponses sont colorées sur une échelle allant du rouge au vert en fonction du pourcentage des utilisateurs qui les ont devinées à leur premier essai. Vous pouvez retrouver ces pourcentages ci-dessous.
 
Statistiques - réponses
Réponse % Correct
LA
44%
KA
42%
NT
40%
HA
38%
RI
38%
AM
33%
TA
31%
BU
28%
NE
26%
ON
26%
CE
25%
ET
23%
IN
22%
DI
21%
TI
20%
SE
18%
Aucun quiz correspondant
Distribution des résultats
% des personnes avec chaque résultat
Percentile par nombre de réponses
Votre historique - résultats
Vous n’avez pas pris ce quiz